000 00438nam a2200157Ia 4500
005 20240626012753.0
008 240331s9999 xx 000 0 und d
082 _a060
_bDEM
100 _aDemocratic socialist repablic of Sri lanka
245 0 _aDiplomatic ,consular and other representations
260 _acolombo
_bministry of foreign affairs
_c1993
300 _aviii, 172 p .,
650 _aDemocratic
650 _aSocial
942 _cL
999 _c652
_d652